Statystyki dla Stolice według rzeki

Kliknij tutaj aby rozwiązać quiz!

Ogólne statystyki

  • Ten quiz został rozwiązany 45 razy
  • Średni wynik to 11 z 20

Statystyki odpowiedzi

RzekaStolice% Poprawnych
TamizaLondyn
93%
NilKair / Dżuba / Chartum
88%
WisłaWarszawa
86%
SekwanaParyż
84%
DunajBelgrad / Bratysława /
Budapeszt / Wiedeń
81%
DnieprKijów
79%
TyberRzym
63%
TygrysBagdad
60%
TagLizbona
58%
WełtawaPraga
58%
KongoBrazzaville / Kinszasa
56%
AmstelAmsterdam
51%
PotomacWaszyngton
51%
NigerBamako / Niamey
44%
SprewaBerlin
42%
HanSeul
35%
MekongPhnom Penh / Wientian
28%
LiffeyDublin
23%
ManzanaresMadryt
23%
SumidaTokio
14%

Rozkład punktacji

Percentyl według liczby udzielonych odpowiedzi

Procent ludzi z każdym wynikiem

Twoja historia wyników

Nie rozwiązałeś tego quizu